000 00950nam a22002775i 4500
001 176156
003 ES-MaACL
005 20230906220016.0
008 101221s1974 sp a |||| | spa d
020 _a84-345-1309-9
080 _a616.71-007.234
245 0 0 _aOsteoporosis /
_cdirector, B.E.C. Nordin ; consejo editorial J. R. Bierich... [et al.] ; [revisión por José Egozcue Cuixart].
260 _aBarcelona [etc.] :
_bSalvat,
_cD. L. 1974.
300 _aVII, 217 p. :
_bil. bl. y n. ;
_c25 cm.
490 1 _aClínica endocrinológica ;
_v1/2
500 _aÍndice.
504 _aBibliografía.
594 _aTít. original: Osteoporosis.
650 4 _aOsteoporosis.
_9144421
700 1 _aNordin, B. E. C.
_9144419
700 1 _aBierich, J. R.
_9144420
700 0 _aEgozcue Cuixart, José.
_946738
830 0 _aClínica endocrinológica ;
_v1/2
_9189956
852 _aES-MaACL
_jE-13841
_xOlim P-263
999 _c176156
_d176156